000 00387nam a2200133Ia 4500
008 230917s9999||||xx |||||||||||||| ||und||
040 _e89598
_aMAIN
041 _aEnglish
082 _a370.153 S96S
100 _aSawhney, Reena
245 0 _aStudy of achievement of x grade students in relation to personality traits, educational interest and anxiety
300 _a193 p.
942 _cTH
999 _c87152
_d87152